| 000 | 01194nam a22003497a 4500 | ||
|---|---|---|---|
| 003 | CHAP | ||
| 005 | 20220329134713.0 | ||
| 008 | 971013s1968 r 00010 d | ||
| 010 | _a24491 | ||
| 011 | _a25463 | ||
| 035 | _a29563 | ||
| 040 | _cCHAP | ||
| 082 |
_a664.828 _bH35Y |
||
| 100 | 0 | 0 |
_aHall, Carl W. _952299 |
| 245 | _aEquipo para procesamiento de productos agrícolas | ||
| 260 |
_aLima : _bIICA, _c1968 |
||
| 300 |
_a220 p. _b: ilus. |
||
| 490 |
_aTextos y materiales de enseñanza _v; 19 |
||
| 590 |
_aBATCH-UPD _b10 _c20130110 _lUCH01 _h1151 |
||
| 590 |
_aBATCH-UPD _b10 _c20130410 _lUCH01 _h0735 |
||
| 590 |
_aBATCH-UPD _b10 _c20130914 _lUCH01 _h0127 |
||
| 590 |
_aCONVERSION _b10 _c20130109 _lUCH01 _h1314 |
||
| 650 | 1 | 4 |
_aAlimentos _xProcesado. _94267 |
| 650 | 1 | 4 |
_aProcesamiento industrial. _991820 |
| 700 | 0 |
_aSalas Arango, Fredy. _9101288 |
|
| 830 | 0 |
_aTextos y materiales de enseñanza _v; 19 _9112587 |
|
| 901 | _aBK | ||
| 942 | _cLIBRO | ||
| 949 |
_a664.828 H35Y _bBC _cLIBRO _d-68322 _eLIBRO _fc.2 _h13255 _i29563 _mD _si |
||
| 949 |
_a664.828 H35Y _bBC _cLIBRO _d-68323 _eLIBRO _fc.3 _h14222 _i29563 _mD _si |
||
| 949 |
_a664.828 H35Y _bBC _cLIBRO _d33724000959573 _eLIBRO _h12191 _i29563 _si |
||
| 999 |
_c24491 _d24491 |
||